Responses for Show #7764 - Thursday, May 17, 2018

2018 Teachers Tournament final game 1.

Contestants

[<< previous game]

Steve Mond, a 9th and 10th grade math teacher from Midvale, Utah

Larry Martin, a second grade teacher from Kansas City, Missouri

Claire Bishop, a high school Latin teacher from Lexington, Kentucky

[next game >>]

Jeopardy! Round responses

WHAT A YEAR!
BOOKS OF THE BIBLE
AUTO ABBREV.
HIP-HOP HOORAY!
U.S. GEOGRAPHY
DOUBLE THAT DOUBLE S!
    $200 19
1989

Steve
    $200 1
Genesis

Claire
    $200 9
all-wheel drive

Larry
    $200 12
the greatest

Claire
    $200 2
Camp David

Claire
    $200 28
assassin

Larry
    $400 20
1912

Steve
    $400 4
Exodus

Claire
    $400 29
a low emission vehicle

Triple Stumper
    $400 14
(Steve: Who is Nas?)

Future

Steve
Triple Stumper
    $400 8
Columbia

Claire
    $400 27
expressionless

Steve
    $600 21
1933

Larry
    $600 5
Revelation

Steve
    $600 30
vehicle identification number

Steve
    $600 15
Atlanta

Claire
    $600 3
the Finger Lakes

Steve
    $600 24
classless

Claire
    $800 22
1920

Steve
    $800 6
(Larry: What is Proverbs?)
(Claire: What is John?)

Matthew

ClaireLarry
Triple Stumper
    $800 13
manufacturer's suggested retail price

Steve
    $800 18
(Steve: Who is Kanye West?)

Drake

Steve
Triple Stumper
    $800 10
the Black Hills

Larry
    $800 26
dispossess

Claire
    $1000 23
1955

Larry
    $600 7
(Steve: What is Beatitudes?)

Job

Steve
    $1000 16
oxygen sensor

Triple Stumper
    $1000 17
Jay-Z

Triple Stumper
    $1000 11
Maine

Steve
    $1000 25
assess

Larry

Scores at the first commercial break (after clue 15):

Claire Larry Steve
$1,200 $200 $2,000

Scores at the end of the Jeopardy! Round:

Claire Larry Steve
$2,600 $3,000 $3,600

Double Jeopardy! Round responses

THE MONTH OF MAY
POP CULTURE TEACHERS
HEALTHY GREENS
LET'S GET SCIENC"E"
21st CENTURY BESTSELLERS
WORDS THAT SHOULD RHYME
(Alex: But don't. I'll give you an example: kilo and silo, for example.)
    $400 30
Atlas

Claire
    $400 28
Walter White

Steve
    $400 27
a kiwi

Steve
    $400 22
eclipse

Larry
    $400 29
The Da Vinci Code

Claire
    $400 16
good and food

Steve
    $800 12
Camelot

Larry
    $800 11
carpe diem

Larry
    $800 26
pistachios

Claire
    $800 21
an egg

Claire
    $800 4
Osama bin Laden

Larry
    $800 17
women and omen

Claire
    $1200 5
a meteor shower

Larry
    $1200 10
South Park

Steve
    $1200 23
bok choy

Claire
    $1200 15
endocrine

Steve
    $1200 1
The Lovely Bones

Claire
    $1200 20
plow and glow

Claire
    $1600 6
emerald

Larry
    $1600 9
(Ben) Stein

Larry
    $1600 25
(Claire: What is eggplant?)
(Steve: What is celery?)

olive

ClaireSteve
Triple Stumper
    $4,200 13
elasticity

Larry
    $2,000 2
(Alex: Claire?)
(Claire: What is Funeral Practices?)

From Here to Eternity

Claire
    $1600 19
taste and caste

Claire
    $2000 7
(Claire: Who is John Milton?)

(Samuel) Pepys

ClaireLarry
    $2000 8
TV Land

Claire
    $2000 24
matcha

Claire
    $2000 14
escape velocity

Larry
    $2000 3
Bel Canto

Triple Stumper
    $2000 18
recent and relent

Triple Stumper

Scores at the end of the Double Jeopardy! Round:

Claire Larry Steve
$9,400 $18,400 $5,600

Final Jeopardy! Round responses

SCHOOL SUPPLY WORDS
(Alex: [To Larry] I suffered from this many years ago--lumbago. And if you add the "P" to it, you come up with [*].)
SteveWhat is Pache?
$3,000
ClaireWhat pscoliosis
$8,000
LarryWhat is pain
$6,601
plumbago

Final scores:

Claire Larry Steve
$1,400 $11,799 $2,600

Game dynamics:

Coryat scores:

Claire Larry Steve
$11,400 $15,800 $6,200
19 R,
4 W
(including 1 DD)
16 R
(including 1 DD),
1 W
14 R,
4 W
(including 1 DD)

Combined Coryat: $33,400

[game clues] [game scores] [suggest correction]

Game tape date: 2018-03-21
The J! Archive is created by fans, for fans. Scraping, republication, monetization, and malicious use prohibited; this site may use cookies and collect identifying information. See terms. The Jeopardy! game show and all elements thereof, including but not limited to copyright and trademark thereto, are the property of Jeopardy Productions, Inc. and are protected under law. This website is not affiliated with, sponsored by, or operated by Jeopardy Productions, Inc. Join the discussion at JBoard.tv.